| 000 | 00606nam a2200157 i 4500 | ||
|---|---|---|---|
| 001 | 33387 | ||
| 003 | ES-MaACL | ||
| 005 | 20230906154740.0 | ||
| 007 | t| | ||
| 008 | 030202q19001999gw ||||1| spa d | ||
| 100 | 1 |
_aBilz, F. E. _928900 |
|
| 245 | 1 | 0 |
_aNuevo sistema de curación natural _b: tratado popular de medicina (higiene y terapéutica) : guía práctica para conservar la salud y para el tratamiento de las enfermedades por los simples medios de la naturaleza / _cpor F. E. Bilz. |
| 260 |
_aLeipzig : _bF. E. Bilz, _c[19--?] |
||
| 300 |
_a2 v. ; _c24 cm. |
||
| 852 |
_aES-MaACL _jA-4789-90 _bR.16828 |
||
| 999 |
_c33387 _d33387 |
||